Liberté = Liberté /

Guardado en:
Detalles Bibliográficos
Autor principal: Serra, Albert (realización)
Otros autores: Serra, Albert (guión) (guión), Tort, Artur (fotógrafo) (fotógrafo), Tharrats, Rosa (vestuario) (vestuario), Ribas, Ariadna (montaje) (montaje), Serra, Albert (montaje) (montaje), Tort, Artur (montaje) (montaje), Verdaguer, Marc (música) (música), Berger, Helmut (actuación) (actuación), Susini, Marc (actuación) (actuación), Zabeth, Iliana (actuación) (actuación), Lizotte, Chloe (texto del folleto) (texto del folleto)
Formato: Audiovisual
Idioma:Francés
Colección:(Cinema Guild ; 188)
Temas:
Etiquetas: Agrega una etiqueta
Sin etiquetas, Sé el primero en etiquetar este registro!

MARC

LEADER 00000ngm^a2200000^a^4500
001 000616951
005 20251020000000.0
009 20260310133731.717
020 |a 0-78151640-4 
037 |a Acervo ITESO - Biblioteca 
041 |a FRA 
082 |a 840.  |b SER 
100 |a Serra, Albert  |e (realización) 
245 1 0 |a Liberté =  |b Liberté /  |c Realización de A. Serra. 
264 2 |a Nueva York, EUA :  |b Cinema Guild [distribución],  |c copyright fecha no identificada 
300 |a 1 blu-ray región A (132, 43 min.) :  |b color +  |e 1 folleto (4 p.) 
336 |a imagen móvil bidimensional  |b tdi  |2 rdacontenido 
337 |a video  |b v  |2 rdamedio 
338 |a videodisco  |b vd  |2 rdasoporte 
440 1 |a (Cinema Guild ;  |v 188) 
546 |a En francés, alemán e italiano, con subtítulos opcionales: inglés 
649 |a XX 
650 |a Cineastas Catalanes -  |x Entrevistas 
650 |a Cineastas Españoles -  |x Entrevistas 
650 |a Bosques en el Cine 
650 |a Dramas Cinematográficos 
650 |a Cine Francés -  |y 2010-2019 
650 |a Cine Francés -  |y Siglo XXI 
650 |a Cine Francés -  |x Historia y Crítica 
650 |a Cine -  |x Festivales -  |z Nueva York, EUA (Ciudad) 
650 |a Hedonismo 
650 |a Libertinos (Filosofía) 
650 |a Placer Sexual 
650 |a Deseo Sexual 
650 |a Sadomasoquismo 
650 |a Parafilias 
650 |a Promiscuidad 
650 |a Prácticas Sexuales 
650 |a Sexualidad 
650 |a Francia -  |x Historia -  |y Siglo XVIII 
650 |a Serra, Albert 
700 |a Serra, Albert  |e (guión) 
700 |a Tort, Artur  |e (fotógrafo) 
700 |a Tharrats, Rosa  |e (vestuario) 
700 |a Ribas, Ariadna  |e (montaje) 
700 |a Serra, Albert  |e (montaje) 
700 |a Tort, Artur  |e (montaje) 
700 |a Verdaguer, Marc  |e (música) 
700 |a Berger, Helmut  |e (actuación) 
700 |a Susini, Marc  |e (actuación) 
700 |a Zabeth, Iliana  |e (actuación) 
700 |a Lizotte, Chloe  |e (texto del folleto) 
740 0 |a See into the Trees /  |c Texto del folleto de C. Lizotte. 
910 |a Fondo General 
920 |a Audiovisuales - Blu-rays 
940 |a Películas 
905 |a 303 
901 |a 616951-10  |b IT2  |c BRS  |i C190021  |u 20250627 
901 |a 616951-20  |b IT2  |c MIN  |i C190022  |u 20251020 
902 |a https://opac.biblio.iteso.mx/vufind/Record/000616951